|
|
|
|
| LEADER |
00989cam a2200265 7i4500 |
| 001 |
0000015057 |
| 005 |
20200518090000.0 |
| 008 |
070528 eng |
| 020 |
|
|
|a 0849314674 (hbk.)
|
| 020 |
|
|
|a 9780849314674
|
| 090 |
0 |
0 |
|a QK566
|b .B38 2006
|
| 100 |
1 |
|
|a Barsanti, Laura
|
| 245 |
1 |
0 |
|a Algae :
|b anatomy, biochemistry, and biotechnology
|c Laura Barsanti, Paolo Gualtieri.
|
| 260 |
|
|
|a Boca Raton:
|b Taylor & Francis,
|c 2006.
|
| 300 |
|
|
|a 301 p.:
|b ill.;
|c 26 cm.
|
| 504 |
|
|
|a Includes bibliographical references and index
|
| 650 |
0 |
0 |
|a Algae
|
| 650 |
0 |
0 |
|a Biotechnology
|
| 700 |
1 |
|
|a Gualtieri, Paolo
|
| 997 |
|
|
|a Engineering & Life Sciences, Faculty
|b Science & Biotechnology, Department
|
| 997 |
|
|
|a Health Sciences, Faculty
|
| 998 |
|
|
|a Medical Laboratory Technology, Diploma
|
| 998 |
|
|
|a Medical Laboratory Technology, Degree
|
| 999 |
|
|
|a 0000018616
|b BOK
|c OPEN SHELF
|e 1st Floor, Shah Alam
|
| 999 |
|
|
|a 0000024918
|b BOK
|c OPEN SHELF
|e 1st Floor, Bestari Jaya
|